| 000 | 00000nam 2200000zi 4500 |
| 001 | 9.940743 |
| 003 | CaOODSP |
| 005 | 20240718154538 |
| 006 | m o d f |
| 007 | cr mn||||||||| |
| 008 | 240718t19841984onca ob f000 0 eng d |
| 020 | |a0662534387 |q(bilingual ; |qprint) |
| 040 | |aCaOODSP|beng|erda|cCaOODSP |
| 086 | 1 |aEn42-1/03-1E-PDF |
| 086 | 1 |aEn49-6/3-1 |
| 100 | 1 |aTran, Hoc Nghia, |d1951- |eauthor. |
| 245 | 10|aDeposit control technology for kraft recovery units / |cby Hoc Nghia Tran for the Industrial Programs Branch, Environmental Protection Service, Environment Canada. |
| 264 | 1|aOttawa, Ontario, Canada : |bEnvironment Canada, Environmental Protection Service = Environnement Canada, Service de la protection de l'environnement, |c1984. |
| 264 | 4|c©1984 |
| 300 | |a1 online resource (viii, 26 pages) : |billustrations (some colour). |
| 336 | |atext|btxt|2rdacontent |
| 337 | |acomputer|bc|2rdamedia |
| 338 | |aonline resource|bcr|2rdacarrier |
| 490 | 1 |aEnvironmental Protection Service report series |
| 500 | |a"Report EPS 3/PF/1, December 1984." |
| 500 | |aDigitized edition from print [produced by Environment and Climate Change Canada]. |
| 504 | |aIncludes bibliographical references (page 26). |
| 650 | 0|aPulp mills|xIncrustations|xMeasurement. |
| 650 | 0|aEngineering instruments|xDesign and construction. |
| 710 | 1 |aCanada. |bEnvironmental Protection Service, |eissuing body. |
| 710 | 1 |aCanada. |bEnvironmental Protection Directorate. |bIndustrial Programs Branch, |eissuing body. |
| 830 | #0|aEnvironmental Protection Service report series.|w(CaOODSP)9.866031 |
| 856 | 40|qPDF|s3.18 MB|uhttps://publications.gc.ca/collections/collection_2024/eccc/en42/En42-1-03-1-eng.pdf |